Quiz de Conhecimentos Gerais #2 - Statistics

Estatísticas Gerais
  • Esse quiz foi jogado 7 106 vezes
  • A pontuação média é 7 de 20
Estatísticas das Respostas
Pergunta Resposta % Correto
Qual foi o país que ganhou o maior número de Copas do Mundode futebol masculino? Brasil
98%
Que forma têm as calças do Bob Esponja? Quadrada
89%
O sushi muitas vezes vem embrulhado em nori.O nori um tipo de ...? Alga marinha
76%
Quem foi a pessoa mais famosa a morrer em 2009? Michael Jackson
72%
De que cidade eram os Beatles? Liverpool
62%
Qual é a cidade mais santa do Islã? Meca
56%
No Antigo Testamento, que duas cidades foram destruídas com fogo e/ou enxofre como punição por sua perversidade? Sodoma
40%
No Antigo Testamento, que duas cidades foram destruídas com fogo e/ou enxofre como punição por sua perversidade? Gomorra
39%
Quem são os pais de Blue Ivy, Rumi, e Sir? Beyoncé e Jay-Z
37%
Qual é a capital da Arábia Saudita? Riade
36%
Quem escreveu "Sonata ao Luar"? Ludwig van Beethoven
34%
Quem foi julgado "infalível" no Primeiro ConcílioVaticano de 1869-70? O Papa
18%
Quem foi a segunda pessoa a caminhar na Lua? Buzz Aldrin
15%
Que conquistador conquistou os astecas? Hernán Cortés
14%
Onde está enterrada a Rainha Isabel I da Inglaterra? Abadia de Westminster
9%
Que lago russo é o mais profundo do mundo? Lago Baical
9%
Quem cruzou o Rubicão? Júlio César
8%
Quem foi primeiro-ministro do Reino Unido antes de Churchill? Neville Chamberlain (ou Clement Attlee)
8%
Que cidade ainda é comumente conhecida por seuantigo nome, Saigon/Saigão? Cidade de Ho Chi Minh
7%
Quem foi o quinto presidente dos Estados Unidos? James Monroe
7%
Nenhum quiz correspondente encontrado
Distribuição das Pontuações
Porcentagem de Pessoas com Cada Pontuação
Percentil de Números Respondidos
Sua Pontuação Histórica
Você não jogou esse quiz